Chess Terms - Sudden Death - Statistics

General Stats
  • This quiz has been taken 2,441 times
  • The average score is 7 of 12
Answers on the Grid
Answers color-coded by a green-red scale on the quiz's grid according to % correct below.
Rook
Pin
Royal flush
Checkmate
Ace
Jackpot
Threefold repetition
Power creep
Intermediate move
En passant
The Mason-Dixon Line
Crowning
Greek gift
King
Pyrrhic tactic
Handshake promotion
Komi
Outpost
Rank-and-file attack
Pieceflow
Castling
Zugzwang
Coup d'état
Smothered mate
 
Answer Stats
Answer % Correct
Rook
94%
Checkmate
92%
King
79%
En passant
77%
Pin
70%
Castling
60%
Smothered mate
49%
Threefold repetition
48%
Zugzwang
46%
Intermediate move
38%
Greek gift
36%
Outpost
32%
No matching quizzes found
Score Distribution
Percent of People with Each Score
Percentile by Number Answered
Your Score History
You have not taken this quiz